Manažment času návody na cvičenia
Na minha lista:
| Autor principal: | |
|---|---|
| Autor Corporativo: | |
| Formato: | Livro |
| Idioma: | eslovaco |
| Publicado em: |
Bratislava
Ekonóm
1999
|
| Assuntos: | |
| Tags: |
Sem tags, seja o primeiro a adicionar uma tag!
|
MARC
| LEADER | 00000nam a2200000 4500 | ||
|---|---|---|---|
| 001 | c113668 | ||
| 005 | 20221102132738.1 | ||
| 020 | |a 80-225-1140-4 | ||
| 041 | 0 | |a slo | |
| 044 | |a SK | ||
| 245 | 1 | 0 | |a Manažment času |b návody na cvičenia |c Anna Čepelová |
| 264 | 1 | |a Bratislava |b Ekonóm |c 1999 | |
| 300 | |a 105 s. | ||
| 610 | 2 | 0 | |a manažment |
| 610 | 2 | 0 | |a riadenie |
| 610 | 2 | 0 | |a správanie |
| 610 | 2 | 0 | |a čas |
| 610 | 2 | 0 | |a komunikácia manažérska |
| 610 | 2 | 0 | |a manažéri |
| 610 | 2 | 0 | |a plánovanie |
| 610 | 2 | 0 | |a riadenie projektové |
| 610 | 2 | 0 | |a štúdie prípadové |
| 100 | 1 | |a Čepelová, Anna | |
| 710 | 2 | |a Ekonomická univerzita v Bratislave. Podnikovohospodárska fakulta so sídlom v Košiciach | |